000 00298nam a22001337a 4500
008 170413b xxu||||| |||| 00| 0 eng d
020 _a9780702017759
041 _aeng
080 _a618
100 _a10
101 _aSHM
245 _aCLICAL OBSTETRICS GYNACOLOGY
_cDRIFE.J
942 _2udc
_cBK
999 _c10602
_d10602